000 00398nam a2200169Ia 4500
008 170203s9999 xx 000 0 und d
020 _a590426702
050 _aFic
050 _b.M379b 1990
100 _aMartin, Ann M.
245 _aBaby Sitters: Little Sister /
245 _cAnn M. Martin
260 _aU.S.A :
260 _bScholastic Inc.,
260 _c1990
300 _a102 pages ;
999 _c306078
_d306078